Nghiên cứu bán tổng hợp chất trung gian trong quy trình tổng hợp thuốc chống ung thư vinblastin từ catharathin và vindolin chiết tách từ cây dừa cạn

Tổng quan; Các nghiên cứu thực nghiệm; Kết quả và thảo luận...

Wedi'i Gadw mewn:
Manylion Llyfryddiaeth
Prif Awdur: Mai Văn Đạt
Awduron Eraill: Trần Văn Sung GS.TSKH (Hướng dẫn)
Fformat: Llyfr
Cyhoeddwyd: Đà Nẵng Đại học Đà Nẵng 2012
Pynciau:
Tagiau: Ychwanegu Tag
Dim Tagiau, Byddwch y cyntaf i dagio'r cofnod hwn!
Thư viện lưu trữ: Mạng thư viện Đại học Đà Nẵng
LEADER 01675nam a2200337 4500
001 000017792
003 14218
005 20130830140832.0
008 130604s2012 sd
082 |a 615.19  |b MA-Đ 
100 |a Mai Văn Đạt 
245 |a Nghiên cứu bán tổng hợp chất trung gian trong quy trình tổng hợp thuốc chống ung thư vinblastin từ catharathin và vindolin chiết tách từ cây dừa cạn  |c Mai Văn Đạt ; Trần Văn Sung hướng dẫn.  |k Luận văn Thạc sĩ 
260 |a Đà Nẵng  |b Đại học Đà Nẵng  |c 2012 
300 |a 64 tr., phụ lục 7 tr.  |b Hình mh.  |c 29 cm. 
500 |a Luận văn thạc sĩ Khoa học. Chuyên ngành: Hóa hữu cơ. Mã số: 60.44.27. 
520 |a Tổng quan; Các nghiên cứu thực nghiệm; Kết quả và thảo luận... 
650 0 4 |a Cây dừa cạn  |v Luận văn tốt nghiệp  |x Tách chiết 
650 0 4 |a Catharanthur Roseus.  |v Luận văn tốt nghiệp  |x Nghiên cứu 
650 0 4 |a Vinblastin.  |v Luận văn tốt nghiệp  |x Nghiên cứu 
653 |a Hóa hữu cơ  |a Cây dừa cạn  |a Vinblastin.  |a Catharanthur Roseus. 
700 |a Trần Văn Sung  |c GS.TSKH  |e Hướng dẫn 
OWN |a LSP 
AVA |a UDN50  |b LSP  |d 615.19 MA-Đ  |e available  |t Error 5001 Not defined in file expand_doc_bib_avail.  |f 1  |g 0  |h N  |i 0  |k 1 
999 |a From the UDN01 
AVA |a UDN50  |b LSP  |d 615.19 MA-Đ  |e available  |t Error 5001 Not defined in file expand_doc_bib_avail.  |f 1  |g 0  |h N  |i 0  |k 1 
TYP |a Monograph 
TYP |a Printed language 
980 |a Mạng thư viện Đại học Đà Nẵng